000 00274nam a2200109Ia 4500
001 1275981
005 20260417160438.0
008 260417s9999 xx 000 0 und d
020 _a9786256999886
245 0 _aBiricik Dünya’mız
_cNicola Davies
260 _bKetebe Çocuk
999 _c1275981
_d1275981